Представление документа в формате MARC21

Поле Инд. ПП Название Значение
Тип записи a
Библиографический уровень a
001 Контрольный номер RU/IS/BASE/438341360
005 Дата корректировки 20140911133210.5
040 a Служба первич. каталог. НБ ТвГУ
b Код языка каталог. rus
e Правила каталог. PSBO
041 0_ a Код языка текста rus
098 b Факультет Филологический
c Кафедра теоретической лингвистики, рекламы и коммуникативных технологий
100 1_ a Автор Ефременков Андрей Сергеевич
q Полное имя Ефременков А. С.
245 10 a Заглавие К вопросу о роли визуального ряда при исследовании рекламного сообщения в игровом аспекте
260 a Место издания Тверь
b Издательство Тверской государственный университет
c Дата издания 2011
504 a Библиография Библиогр.: с. 111-112 (12 назв.)
520 a Аннотация Статья посвящена вопросу визуального ряда при исследовании рекламного сообщения в игровом аспекте.
653 a Ключевые слова Визуальный ряд
653 1_ a Ключевые слова Рекламные сообщения
653 1_ a Ключевые слова Игровой аспект
653 1_ a Ключевые слова Анализ рекламной деятельности
653 1_ a Ключевые слова Журналистика
653 1_ a Ключевые слова Труды Тверского государственного университета
773 08 w Контрольный № источника RU/IS/BASE/378227143
t Название источника СМИ в онтологическом и культурном постранстве славянского мира
d Место и дата издания Тверь : Тверской государственный университет, 2011
g Прочая информация С. 105-112
901 t Тип документа a
920 a Оператор Кома